LEADER 00852nam a2200205 4500 001 000000354184 003 CaOOAMICUS 005 20230612135857.0 008 230612s1950 it 000 u ita r 040 $aSeMil$bita 245 03$aLa compagnia del corpo mistico, Societas corporis mystici :$bpunti principali per un regolamento. 264 1$a[S.l. :$bs.n.],$c1950?. 300 $a75 p. ;$c17 cm 500 $aPro Manuscripto 650 4$aCorpo mistico.$0(OLS)http://semarc/subject/50850 850 $aSeMil 852 $aSeMil$W1$xVenegono$y1$m5A IV 6/19$j241359$B245428$CSeMilBibl$Z2$F245428 $81 996 $6245$aLa compagnia del corpo mistico, Societas corporis mystici :$bpunti principali per un regolamento$9(OLS)http://semarc/title/444322 996 $6264$a[S.l. :$bs.n.]$9(OLS)http://semarc/publisher/29751 LEADER 01056nam a2200253 i 4500 001 000000102829 003 CaOOAMICUS 005 20010910000000.0 008 010910s1996 it u000 u ita u 013 $a74982 020 $a88-10-40536-6 040 $aSeMil$bita 245 10$aDa Vitus Pichler a Henri de Lubac /$ca cura di Rino Fisichella. 300 $a843 p. 650 4$aTeologia - Storia - Sec. 18.$0(OLS)http://semarc/subject/7957 650 4$aTeologia - Storia - Sec. 19.$0(OLS)http://semarc/subject/4594 650 4$aTeologia - Storia - Sec. 20.-21.$0(OLS)http://semarc/subject/1193 700 1 $aFisichella, Rino,$c.$0(OLS)http://semarc/name/3789 773 0 $tStoria della teologia.$dRoma : ED : EDB, 1995-1996.$g3$w()1563 850 $aSeMil 852 $aSeMil$W1$xVenegono$y1$mSL1.P III 33$j59290$B59290$CSeMilBibl$Z2$F43784 $8I 961 $aAcquisto: Distributore 996 $6020$a88-10-40536-6$9(OLS)http://semarc/number/82508 996 $6245$aDa Vitus Pichler a Henri de Lubac$9(OLS)http://semarc/title/149559